书目信息 |
| 题名: |
有限元法基础
|
|
| 作者: | 李人宪 编著 | |
| 分册: | ||
| 出版信息: | 北京 国防工业出版社 2002 |
|
| 页数: | 221页 | |
| 开本: | 20cm | |
| 丛书名: | ||
| 单 册: | ||
| 中图分类: | O241.82 | |
| 科图分类: | ||
| 主题词: | 有限元法 | |
| 电子资源: | ||
| ISBN: | 7-118-02810-X | |
| 000 | 00734nam0 2200229 45 | |
| 001 | 050000087586 | |
| 005 | 20050920114148.82 | |
| 010 | @a7-118-02810-X@dCNY12.00 | |
| 100 | @a20050107e20042002ekmy0chiy0120 ea | |
| 101 | 0 | @achi |
| 102 | @aCN@b110000 | |
| 105 | @aak az 000yy | |
| 200 | 1 | @a有限元法基础@9you xian yuan fa ji chu@f李人宪编著@Fli ren xian bian zhu |
| 210 | @a北京@c国防工业出版社@d2002@h2004重印 | |
| 215 | @a221页@d20cm | |
| 320 | @a有书目 | |
| 330 | @a本书共有9章,包括:“杆件结构的有限元法”、“刚架结构的有限元法”、“平面问题的有限元法”、“等参数单元”等。 | |
| 606 | 0 | @a有限元法 |
| 690 | @aO241.82@v4 | |
| 701 | 0 | @a李人宪@Ali ren xian@4编著 |
| 801 | 0 | @aCN@bTSSF@c20050920 |
| 905 | @a10447@dO241.82@e100 | |
| 有限元法基础/李人宪编著.-北京:国防工业出版社,2002(2004重印) |
| 221页;20cm |
| ISBN 7-118-02810-X:CNY12.00 |
| 本书共有9章,包括:“杆件结构的有限元法”、“刚架结构的有限元法”、“平面问题的有限元法”、“等参数单元”等。 |
| ● |
| 相关链接 |
|
|
|
|
正题名:有限元法基础
索取号:O241.82/100
 
预约/预借
| 序号 | 登录号 | 条形码 | 馆藏地/架位号 | 状态 | 备注 |
| 1 | 0362195 | 3621959 | 第二样本阅览室/ [索取号:O241.82/100] | 在馆 | |
| 2 | 0362196 | 3621968 | 第三借阅区/ [索取号:O241.82/100] | 在馆 | |
| 3 | 0362197 | 3621977 | 第三借阅区/ [索取号:O241.82/100] | 在馆 | |
| 4 | 0362198 | 3621986 | 第三借阅区/ [索取号:O241.82/100] | 在馆 | |
| 5 | 0362199 | 3621995 | 第三借阅区/ [索取号:O241.82/100] | 在馆 |